书目信息 |
| 题名: |
公共经济学视阈的财税改革问题探究
|
|
| 作者: | 孙玉霞 著 | |
| 分册: | ||
| 出版信息: | 北京 光明日报出版社 2016 |
|
| 页数: | 201页 | |
| 开本: | 24cm | |
| 丛书名: | ||
| 单 册: | ||
| 中图分类: | F812.2 | |
| 科图分类: | ||
| 主题词: | 财税--Cai Shui--财政改革--研究--中国 | |
| 电子资源: | ||
| ISBN: | 978-7-5194-1015-5 | |
| 000 | 00659nam0 22002171 450 | |
| 001 | 351259 | |
| 005 | 20161011170312.84 | |
| 010 | @a978-7-5194-1015-5@dCNY39.00 | |
| 100 | @a20160321d2015 ekmy0chiy50 ea | |
| 101 | 0 | @achi |
| 102 | @aCN@b110000 | |
| 105 | @ay z 000yy | |
| 106 | @ar | |
| 200 | 1 | @a公共经济学视阈的财税改革问题探究@AGong Gong Jing Ji Xue Shi Yu De Cai Shui Gai Ge Wen Ti Tan Jiu@f孙玉霞著 |
| 210 | @a北京@c光明日报出版社@d2016 | |
| 215 | @a201页@d24cm | |
| 606 | 0 | @a财税@ACai Shui@x财政改革@x研究@y中国 |
| 690 | @aF812.2@v5 | |
| 701 | 0 | @a孙玉霞@ASun Yu Xia@4著 |
| 801 | 0 | @aCN@bTANGWEI@c20160812 |
| 905 | @b0893916-20@dF812.2@e76@f5 | |
| 公共经济学视阈的财税改革问题探究/孙玉霞著.-北京:光明日报出版社,2016 |
| 201页;24cm |
| ISBN 978-7-5194-1015-5:CNY39.00 |
| ● |
| 相关链接 |
|
|
|
|
正题名:公共经济学视阈的财税改革问题探究
索取号:F812.2/76
 
预约/预借
| 序号 | 登录号 | 条形码 | 馆藏地/架位号 | 状态 | 备注 |
| 1 | 0893916 | 208939167 | 第一样本阅览室/ [索取号:F812.2/76] | 在馆 | |
| 2 | 0893917 | 208939176 | 第一借阅区/ [索取号:F812.2/76] | 在馆 | |
| 3 | 0893918 | 208939185 | 第一借阅区/ [索取号:F812.2/76] | 在馆 | |
| 4 | 0893919 | 208939194 | 第一借阅区/ [索取号:F812.2/76] | 在馆 | |
| 5 | 0893920 | 208939201 | 密集书库-海洋学院/ [索取号:F812.2/76] | 在馆 |